| 000 | 00589nam a2200241Ia 4500 | ||
|---|---|---|---|
| 003 | OSt | ||
| 005 | 20221005130810.0 | ||
| 006 | a|||||r|||| 00| 0 | ||
| 007 | ta | ||
| 008 | 221004b |||||||| |||| 00| 0 eng d | ||
| 024 | _a38814 | ||
| 037 | _cTextual | ||
| 040 |
_aCRL _cCRL _beng |
||
| 041 |
_2eng _aeng |
||
| 082 | _aO:3K89w, D2 | ||
| 100 | _aDobson Austin | ||
| 245 | 0 | _aSamuel Richardson | |
| 260 | _c1902 | ||
| 490 | _aEnglish men of letter | ||
| 650 | _aENGLISH LITERATURE | ||
| 942 |
_hO:3K89w, D2 _cTEXL _2cc |
||
| 999 |
_c1058443 _d1058443 |
||